000 00706nam a2200229Ia 4500
003 OSt
005 20220926013210.0
006 a|||||r|||| 00| 0
007 ta
008 220923b |||||||| |||| 00| 0 eng d
037 _cGeneral Book
040 _aRTL
_cRTL
_beng
041 _2eng
_aeng
082 _aY:1.0K41.N, K4/SC
100 _aSCHWARTZ Benjamin
_9250906
245 0 _aIn search of wealth and power
_b Yen Fu and the west
260 _aNew York
_bHarpers & Row publishers
_c1964
300 _axvi,298p.
_ccm.
500 _aBibliography : P.277-283; Glossary : 284-290 P.
942 _hY:1.0K41.N, K4/SC
_cGB
_2CC
999 _c625442
_d625442